| 000 | 00441pab a2200145 454500 | ||
|---|---|---|---|
| 008 | 180718b1983 xxu||||| |||| 00| 0 eng d | ||
| 100 | _aSteinberger, Helmut | ||
| 245 | _aConstitutional jurisdiction in the Federal Republic of Germany | ||
| 260 | _c1983 | ||
| 300 | _a1-12 | ||
| 362 | _aJan.-June | ||
| 650 | _aConstitutional Law - Germany (Federal Republic) | ||
| 773 | _aJournal of Constitutional and Parliamentary Studies | ||
| 909 | _a6512 | ||
| 999 |
_c6512 _d6512 |
||